Pedagogická príprava učiteľa medicíny z pohľadu 15-ročných skúseností Katedry medicínskej pedagogiky Inštitútu pre ďalšie vzdelávanie pracovníkov v zdravotníctve

Bibliographic Details
Main Authors: Badalík, Ladislav, 1938-2014 (Author), Paniaková, M. (Author), Farkašová, Dana, 1948- (Author), Hrašková, A. (Author)
Format: Article
Language:Slovak
Subjects:

MARC

LEADER 00000nab a2200000 a 4500
001 vtls000503103
003 SK-MaSNL
005 20260304085348.0
008 250425c1993 xo 0 slo
015 |a SNBRB19rr/mm-uuuuu 
035 |a CL0503241 
035 |a urn:nbn:sk:snk-ab6mlw 
035 |a (uuid)3b249071-7fbf-485f-8ef4-bc6d04104672 
035 |a (urnnbn)urn:nbn:sk:snk:ar-005hst 
035 |a (sysno)vtls000503103 
040 |a SNKBUCL  |b slo  |c SNKBUCL  |e AACR2 
041 0 |a slo 
044 |a xo  |c SK 
080 |a 614.258(437.6)  |2 1981 
080 |a 614.23:061.2(437.6):37  |2 1981 
245 0 0 |a Pedagogická príprava učiteľa medicíny z pohľadu 15-ročných skúseností Katedry medicínskej pedagogiky Inštitútu pre ďalšie vzdelávanie pracovníkov v zdravotníctve  |c Ladislav Badalík, M. Paniaková, D. Farkašová, A. Hrašková 
300 |b Res. angl., nem., lit. 25 zázn. angl., slov. 
610 2 7 |a Inštitút pre ďalšie vzdelávanie pracovníkov v zdravotníctve (Bratislava, Slovensko)  |2 snkbucl  |9 201044 
655 7 |a články z novín a časopisov  |2 snkbucl  |9 267496 
700 1 |a Badalík, Ladislav,  |d 1938-2014  |4 aut  |9 13456 
700 1 |a Paniaková, M.  |4 aut  |9 1114339 
700 1 |a Farkašová, Dana,  |d 1948-  |4 aut  |9 189041 
700 1 |a Hrašková, A.  |4 aut  |9 1244371 
773 0 |t Lekársky obzor  |g Roč. 42, č. 12 (1993), s. 557-561 
850 |a Slovenská národná knižnica 
852 |a Slovenská národná knižnica 
954 |a odborná, vedecká literatúra pôvodná (slovenská)  |2 lita 
958 |a article2022 
958 |a OND 
958 |a NB 
958 |a RK 
958 |a MI 
958 |a EUIPO 
992 |a RBX 
999 |c 2807708  |d 2809638